000 00469nam a2200169 i 4500
001 41236
003 ES-MaACL
005 20231216062905.0
007 t|
008 030310s1970 sp ||||1| spa d
100 1 _aCarandell, Luis,
_d1929-2002
_934959
245 1 0 _aCeltiberia show /
_cLuis Carandell.
260 _a[Madrid] :
_bGuadiana,
_c[1970]
300 _a288 p. :
_bil. ;
_c25 cm.
852 _aES-MaACL
_jC-41861
_bR.75783
999 _c41236
_d41236